China's neighbors - Statistics

General Stats
  • This quiz has been taken 67 times
  • The average score is 13 of 14
Answer Stats
Answer % Correct
Russia
100%
Mongolia
96%
North Korea
96%
India
94%
Kazakhstan
94%
Bhutan
91%
Nepal
91%
Pakistan
89%
Tajikistan
89%
Vietnam
89%
Afghanistan
87%
Kyrgyzstan
87%
Laos
87%
Myanmar / Burma
87%
No matching quizzes found
Score Distribution
Percent of People with Each Score
Percentile by Number Answered
Your Score History
You have not taken this quiz